000 00431nam a2200169Ia 4500
003 GCL
008 140319s9999 xx 000 0 eng d
040 _aGCL /
_cGCL
082 0 4 _a822
_bB T
100 1 _aBECKELT, SAMUEL
245 1 0 _aALL THAT FALL: A PLAY FOR RADIO /
_cBECKELT, SAMUEL
260 _a[S.N] :
_bFaber and Faber ،
_c1993
300 _a41 P
650 0 4 _aENGLISH LITERATURE
650 0 4 _aDRAMA
942 _2ddc
_cBK
999 _c24169
_d24169